000 00687nam a22002297a 4500
003 OSt
005 20240628112036.0
008 240628b |||||||| |||| 00| 0 eng d
020 _a0333749375
040 _cMUST
082 _a303.409 VEL 2000
100 _aVeltmeyer, Henry
_97775
245 _aThe Dynamics of social change in Latin America
260 _aNew york
_b: Palgrave
_c, C 2000
300 _axi, 210p
_c; 22cm
504 _aincludes index Bibliography
650 _aSocial change- Latin America
_918319
650 _aLatin America - Economic conditions-1982
_918320
650 _aFree enterprise -Latin
_918321
700 _aJames, petras
_918322
942 _2ddc
_cO_SHELF
999 _c9012
_d9012